000 00847nam a22002537a 4500
999 _c7666
_d7666
003 AR-CdUCM
008 190321b ||||| |||| 00| 0 spa d
020 _a84-252-1329-0
040 _aMUNICIPALIDAD PROVINCIAL DEL CUSCO
_cBIBLIOTECA MUNICIPAL DEL CUSCO
082 _a621.34 /
_bC84
100 _aCostales, B.
_921652
245 _aIntroducción al Lenguaje C /
260 _aBarcelona :
_bGustavo Gili,
_c1985.
300 _a289 paginas ;
_bIlustraciones,
_c24 cm.
500 _aColeccion : Ciencia Informativa
505 _aContenido: El entorno -- valores -- funciones -- bucles -- arrays -- punteros...
650 _aLenguaje
_95227
650 _aProgramación
_91895
650 _aAdministración
_94472
650 _aVariables Estructurados
_921653
700 _aGonzales Rogel, Jordi
_921654
942 _2ddc
_cLIBROS
945 _apjha